Adhigam ke liye mulyankan [hindi]/ (Record no. 1769624)

MARC details
000 -LEADER
fixed length control field 00766nam a22002537a 4500
003 - CONTROL NUMBER IDENTIFIER
control field OSt
005 - DATE AND TIME OF LATEST TRANSACTION
control field 20260324124653.0
008 - FIXED-LENGTH DATA ELEMENTS--GENERAL INFORMATION
fixed length control field 260324b |||||||| |||| 00| 0 eng d
020 ## - INTERNATIONAL STANDARD BOOK NUMBER
International Standard Book Number 978-93-88028-57-8
037 ## - SOURCE OF ACQUISITION
Terms of availability Textbook
040 ## - CATALOGING SOURCE
Original cataloging agency FEDL
Language of cataloging eng
Transcribing agency FEDL
041 ## - LANGUAGE CODE
Language code of text/sound track or separate title hin
Language code of original hin
082 ## - DEWEY DECIMAL CLASSIFICATION NUMBER
Classification number 371.26 MAN/R
100 ## - MAIN ENTRY--PERSONAL NAME
Personal name Mangal, S. K.
245 ## - TITLE STATEMENT
Title Adhigam ke liye mulyankan [hindi]/
Statement of responsibility, etc. by S. K. Mangal; Shubhra Mangal
260 ## - PUBLICATION, DISTRIBUTION, ETC.
Place of publication, distribution, etc. Delhi
Name of publisher, distributor, etc. PHI Learning Private Limited
Date of publication, distribution, etc. 2025
300 ## - PHYSICAL DESCRIPTION
Extent xv, 352p.
365 ## - TRADE PRICE
Price type code INR
Price amount 750.00
650 ## - SUBJECT ADDED ENTRY--TOPICAL TERM
Topical term or geographic name entry element TESTS ANDMEASUREMENT
9 (RLIN) 1175055
650 ## - SUBJECT ADDED ENTRY--TOPICAL TERM
Topical term or geographic name entry element ASSESSMENT FOR LEARNING
9 (RLIN) 1175057
700 ## - ADDED ENTRY--PERSONAL NAME
Personal name Mangal, Shubhra
942 ## - ADDED ENTRY ELEMENTS (KOHA)
Source of classification or shelving scheme Dewey Decimal Classification
Koha item type Textbook
Classification part 371.26 MAN/R
Suppress in OPAC No

No items available.

Copyright @ Delhi University Library System